| 000 | 01466nam0a2200313 4500 | ||
|---|---|---|---|
| 001 | RU\NLR\bibl\21125 | ||
| 005 | 20260406044902.0 | ||
| 010 |
_a5-7805-0238-2 _930000 |
||
| 021 |
_aRU _b99-5909 _9280 |
||
| 035 | _a(NLR Aleph) 000020587 | ||
| 090 |
_a93983 _c93983 |
||
| 100 | _a19990408d1999 |||y0rusy50 ca | ||
| 101 | 1 |
_arus _cger |
|
| 102 | _aRU | ||
| 105 | _aa ||||||||| | ||
| 200 | 1 |
_aПрактическая психология для женщин, или Как быть счастливой _eТесты _f[Пер. с нем. И. Конго _gЛит. обраб. И. Ермаковой] |
|
| 210 |
_aМ. _cАСТ-ПРЕСС _d1999 |
||
| 215 |
_a381 с. _cил. _d22 |
||
| 225 | 1 | _aСерия "Практическая психология" | |
| 300 | _aПер. изд.: Psychotests: spillerisch sich selbst erkennen: Liebe und Partnerschaft, Beruf und Karriere, Starken und Schwachen. - Neidernhausen/Ts., 1996 | ||
| 454 | 0 |
_12001#$aPsychotests: spillerisch sich selbst erkennen$eLiebe und Partnerschaft, Beruf und Karriere, Starken und Schwachen _1210##$aNeidernhausen/Ts.$d1996 _tPsychotests: spillerisch sich selbst erkennen |
|
| 606 | 0 |
_aЖенщины _xПсихология _91180921 _3RU\NLR\auth\66475197 |
|
| 686 | _aЮ937.31 | ||
| 702 | 1 |
_4570 _8rus _7ca _aЕрмакова _bИ. _cфилолог _3RU\NLR\AUTH\774676 _9114653 |
|
| 801 | 0 |
_aRU _bNLR _c19990408 _gPSBO |
|
| 801 | 1 |
_aRU _bNLR _c19990408 |
|
| 852 |
_aNLR _j99-5/295 |
||
| 942 | _cBOOK | ||
| 980 | _aNB | ||